|
|
|
|
| LEADER |
00741nam a22002297a 4500 |
| 001 |
AAL2701 |
| 003 |
BD-DhAAL |
| 005 |
20160103222829.0 |
| 008 |
160103s 1997ii ||||| |||| 00| 0 eng d |
| 020 |
|
|
|a 8175540664
|
| 040 |
|
|
|a BD-DhAAL
|c BD-DhAAL
|
| 082 |
|
|
|a 650.14
|
| 100 |
|
|
|a June, Lines
|9 17161
|
| 245 |
|
|
|a 30 minutes-- before your job interview /
|c Lines June
|
| 260 |
|
|
|a London :
|b Kogan Page,
|c 1997.
|
| 300 |
|
|
|a 64 p. ;
|c 18 cm.
|
| 490 |
|
|
|a 30 minute series
|
| 541 |
|
|
|e 2701
|
| 650 |
|
|
|a Employment interviewing.
|9 17162
|
| 942 |
|
|
|2 ddc
|c BK
|
| 999 |
|
|
|c 36544
|d 36544
|
| 952 |
|
|
|0 0
|1 0
|2 ddc
|4 0
|6 650_140000000000000_JUN
|7 0
|9 57491
|a SCL
|b SCL
|c GEN
|d 2016-01-03
|l 6
|m 33
|o 650.14 JUN
|p 3020002701
|r 2020-01-29
|s 2020-01-18
|t 1
|w 2016-01-03
|y BK
|